[Event "?"]
[Site "?"]
[Date "2018.08.16"]
[Round "3.12"]
[White "Cogan, Leonid"]
[Black "Sahakyan, Tigran"]
[Result "1-0"]
[WhiteElo "1848"]
[BlackElo "1035"]
[PlyCount "59"]
[EventDate "2018.??.??"]
[WhiteTeam "Huckarde-Westerfilde"]
[BlackTeam "SF Brackel 1930"]

1. e4 e5 2. Nf3 Nc6 3. Bb5 Bc5 4. d3 d6 5. Ng5 f6 6. Nf3 Nge7 7. c3 Be3 8. fxe3
a6 9. Bc4 Na5 10. Qa4+ Nac6 11. d4 Bd7 12. Qc2 Bg4 13. Qf2 Ng6 14. Nbd2 Nce7
15. h3 Bd7 16. g4 c6 17. Qg3 Qc7 18. h4 Nf8 19. g5 Rg8 20. gxf6 Be6 21. fxe7
Qxe7 22. d5 Bf7 23. Ng5 c5 24. O-O Bh5 25. b4 b6 26. bxc5 bxc5 27. Rb1 h6 28.
Ne6 Ng6 29. Bxa6 Nxh4 30. Bb5+ 1-0

[Event "?"]
[Site "?"]
[Date "2018.08.16"]
[Round "3.13"]
[White "Ropel, Dennis"]
[Black "Bommert, Christian"]
[Result "1/2-1/2"]
[WhiteElo "1520"]
[BlackElo "1724"]
[PlyCount "58"]
[EventDate "2018.??.??"]
[WhiteTeam "SG Mengede 1922"]
[BlackTeam "FS 98 Dortmund"]

1. c4 f5 2. g3 Nf6 3. Bg2 g6 4. Nc3 Bg7 5. d4 d6 6. Nf3 O-O 7. O-O c6 8. Rb1
Qc7 9. c5 dxc5 10. dxc5 e5 11. e4 f4 12. b4 Be6 13. Qe2 h6 14. Bb2 Na6 15. a3
Nh5 16. Nh4 Qf7 17. Rfd1 Nc7 18. Rd6 Bc4 19. Qg4 fxg3 20. fxg3 g5 21. Nf5 Nf6
22. Qd1 Ne6 23. Ne2 Ng4 24. h3 Ne3 25. Qd2 Nxf5 26. exf5 Qxf5 27. Rf1 Qg6 28.
Rc1 Bb5 29. Qe3 Qf5 1/2-1/2

[Event "?"]
[Site "?"]
[Date "2018.08.16"]
[Round "3.14"]
[White "Schultz, Bernfried"]
[Black "Maghrbi, Bassam"]
[Result "1-0"]
[WhiteElo "1705"]
[BlackElo "999"]
[PlyCount "93"]
[EventDate "2018.??.??"]
[WhiteTeam "SF Brackel 1930"]
[BlackTeam "FS 98 Dortmund"]

1. e4 e5 2. d4 exd4 3. Qxd4 Nc6 4. Qe3 h6 5. Nc3 Bb4 6. Bd2 Nf6 7. O-O-O d6 8.
Bc4 Bd7 9. h3 a6 10. f4 Bc5 11. Qg3 Qe7 12. Nd5 O-O-O 13. Nxe7+ Nxe7 14. e5 Ne4
15. Qxg7 dxe5 16. Qxe5 Bc6 17. Nf3 Ng6 18. Qf5+ Kb8 19. Qxf7 Ne7 20. Ne5 Nf2
21. Nxc6+ Nxc6 22. Qf5 Bb6 23. g4 Rd6 24. Bb3 Rhd8 25. Rdf1 Nd4 26. Qh5 Nd3+
27. cxd3 Ne2+ 28. Kb1 Rxd3 29. Bc3 Be3 30. Qh4 R8d6 31. Be5 Rc6 32. Rd1 Bd2 33.
Qf2 Rc1+ 34. Rxc1 Bxc1 35. Qxe2 Re3 36. Qd1 Bxb2 37. Kxb2 Re4 38. Qd8+ Ka7 39.
Bd4+ Rxd4 40. Qxd4+ b6 41. Rc1 Kb7 42. Qd5+ Kc8 43. Qa8+ Kd7 44. Qc6+ Ke7 45.
Qxc7+ Kf6 46. Rd1 h5 47. Rd6# 1-0

[Event "?"]
[Site "?"]
[Date "2018.08.16"]
[Round "3.15"]
[White "Schulz-Runge, Michael"]
[Black "Alo, Ala Eddin"]
[Result "1-0"]
[WhiteElo "1758"]
[BlackElo "999"]
[PlyCount "50"]
[EventDate "2018.??.??"]
[WhiteTeam "FS 98 Dortmund"]
[BlackTeam "FS 98 Dortmund"]

1. e4 e5 2. Nf3 Nf6 3. Nc3 Bb4 4. Bc4 Bxc3 5. bxc3 Nxe4 6. Qe2 d5 7. Bb5+ c6 8.
Ba4 Qe7 9. c4 O-O 10. O-O Bg4 11. Rb1 Qf6 12. Qe3 b6 13. cxd5 cxd5 14. Nxe5
Qxe5 15. f3 Bd7 16. Bb3 Re8 17. fxe4 d4 18. Bxf7+ Kh8 19. Bxe8 Qxe8 20. Qxd4
Nc6 21. Qd6 Rd8 22. Ba3 h6 23. Rf8+ Qxf8 24. Qxf8+ Rxf8 25. Bxf8 Kh7 1-0

[Event "?"]
[Site "?"]
[Date "2018.08.16"]
[Round "3.16"]
[White "Frölich, Andreas"]
[Black "Schläger, Reiner"]
[Result "0-1"]
[WhiteElo "1043"]
[BlackElo "1679"]
[PlyCount "64"]
[EventDate "2018.??.??"]
[WhiteTeam "SV Rochade Eving"]
[BlackTeam "FS 98 Dortmund"]

1. e4 e5 2. Nf3 Nc6 3. Nc3 Bc5 4. Bc4 d6 5. O-O Bg4 6. h3 h5 7. Be2 Bxf3 8.
Bxf3 Nf6 9. d3 Nd4 10. Re1 Ne6 11. Be3 c6 12. Bxc5 dxc5 13. Ne2 Qd7 14. Ng3 Nf4
15. Ne2 g5 16. Nxf4 gxf4 17. Qd2 Rg8 18. Qc3 Qe7 19. a3 O-O-O 20. b4 Ng4 21.
Re2 Qd7 22. Kf1 Nh2+ 23. Ke1 Nxf3+ 24. gxf3 Qxh3 25. Kd2 Qxf3 26. Qxc5 Qg2 27.
Qxe5 f3 28. Qf5+ Kb8 29. Re3 Qxf2+ 30. Kc3 Qxe3 31. Rh1 f2 32. Qxf7 Qe1+ 0-1

[Event "?"]
[Site "?"]
[Date "2018.08.16"]
[Round "3.17"]
[White "Vollenberg, Jörg"]
[Black "Pennekamp, Christoph"]
[Result "1-0"]
[WhiteElo "1400"]
[BlackElo "1591"]
[PlyCount "89"]
[EventDate "2018.??.??"]
[WhiteTeam "SV Rochade Eving"]
[BlackTeam "SC Hansa Dortmund"]

1. e4 e6 2. e5 d5 3. d4 c5 4. Nf3 cxd4 5. Nxd4 Bc5 6. c3 Ne7 7. Be3 Qb6 8. Qc2
Nbc6 9. Bb5 Bd7 10. Bxc6 Nxc6 11. Nxc6 Bxe3 12. Nb4 Bc5 13. Nd3 Be7 14. Nd2 Rc8
15. Nf3 O-O 16. h4 d4 17. c4 Qa5+ 18. Ke2 b5 19. c5 b4 20. Nxd4 Bxc5 21. Nb3
Ba4 22. Rhc1 Qb5 23. Qc4 Qxc4 24. Rxc4 Be7 25. Rac1 Rxc4 26. Rxc4 Bxb3 27. axb3
a5 28. g3 h6 29. Ke3 Rd8 30. Rc7 Kf8 31. Ra7 Rd5 32. Ra8+ Rd8 33. Rxd8+ Bxd8
34. Kd4 Ke8 35. Kc4 g5 36. h5 Kd7 37. Kb5 Kc8 38. Nc5 Kb8 39. Ne4 Kb7 40. Nd6+
Kc7 41. Nxf7 Kb7 42. Nxh6 Bb6 43. f3 Bf2 44. g4 Bg3 45. Nf7 1-0

[Event "?"]
[Site "?"]
[Date "2018.08.16"]
[Round "3.18"]
[White "Schacht, Jürgen"]
[Black "Ewers, Christian"]
[Result "0-1"]
[WhiteElo "1538"]
[BlackElo "1739"]
[PlyCount "32"]
[EventDate "2018.??.??"]
[WhiteTeam "SV Rochade Eving"]
[BlackTeam "SG Mengede 1922"]

1. Nf3 h5 2. g3 d6 3. d4 c5 4. dxc5 Qa5+ 5. Nc3 dxc5 6. Bf4 Nc6 7. e4 Bg4 8.
Bb5 a6 9. Bxc6+ bxc6 10. h3 Bxf3 11. Qxf3 Nf6 12. O-O c4 13. e5 Nd5 14. Bd2 e6
15. Nxd5 Qxd5 16. Rad1 Qxf3 0-1

[Event "?"]
[Site "?"]
[Date "2018.08.16"]
[Round "3.19"]
[White "Bensch, Christian"]
[Black "Stepke, Horst"]
[Result "1-0"]
[WhiteElo "1317"]
[BlackElo "1555"]
[PlyCount "63"]
[EventDate "2018.??.??"]
[WhiteTeam "SC Wambel 77"]
[BlackTeam "Huckarde-Westerfilde"]

1. e4 c5 2. c3 d6 3. d4 cxd4 4. cxd4 Nc6 5. Nf3 a6 6. Nc3 Bg4 7. Be2 g6 8. h3
Bxf3 9. Bxf3 Bg7 10. Be3 e6 11. Qd2 Rc8 12. O-O h5 13. Rac1 Nge7 14. a3 Na5 15.
Qc2 Nc4 16. Be2 Nxe3 17. fxe3 O-O 18. Bd3 b5 19. Rf3 Nc6 20. Rcf1 b4 21. Bxa6
Rc7 22. Nb5 Nxd4 23. Qxc7 Nxf3+ 24. Rxf3 Bxb2 25. axb4 Be5 26. Qxd8 Rxd8 27.
Nd4 Rd7 28. b5 Rc7 29. Rf1 Rc3 30. Kf2 Ra3 31. Rc1 Kg7 32. Rb1 1-0

[Event "?"]
[Site "?"]
[Date "2018.08.16"]
[Round "3.20"]
[White "Sohraby, Darjusch"]
[Black "Al Kassas, Humam"]
[Result "0-1"]
[WhiteElo "1534"]
[BlackElo "1251"]
[PlyCount "78"]
[EventDate "2018.??.??"]
[WhiteTeam "Huckarde-Westerfilde"]
[BlackTeam "FS 98 Dortmund"]

1. d4 c5 2. c3 cxd4 3. cxd4 Nf6 4. Nc3 d5 5. Nf3 Nc6 6. Bf4 Bf5 7. e3 a6 8. h3
Qa5 9. Bd3 Bxd3 10. Qxd3 Ne4 11. a3 Nb4 12. Qd1 Nc6 13. Qb3 Nxc3 14. bxc3 Qb5
15. Qxb5 axb5 16. O-O e6 17. Rfb1 Na5 18. Rxb5 Nc4 19. Rxb7 Bxa3 20. Ng5 O-O
21. Rab1 Nd2 22. R1b5 h6 23. Nf3 Ne4 24. Rc7 g5 25. Bh2 Bd6 26. Bxd6 Ra1+ 27.
Kh2 Nxd6 28. Rb6 Ne4 29. Rbb7 g4 30. hxg4 Nxf2 31. Ne5 Rh1+ 32. Kg3 Ne4+ 33.
Kf3 Rf1+ 34. Ke2 Rf2+ 35. Ke1 Ra8 36. Rb1 Rxg2 37. Nxf7 Rg1+ 38. Ke2 Ra2+ 39.
Kf3 Rf2# 0-1

[Event "?"]
[Site "?"]
[Date "2018.08.16"]
[Round "3.21"]
[White "Haufe, Ulrich"]
[Black "Zabel, Reinhard"]
[Result "0-1"]
[WhiteElo "1211"]
[BlackElo "1408"]
[PlyCount "71"]
[EventDate "2018.??.??"]
[WhiteTeam "Huckarde-Westerfilde"]
[BlackTeam "SC Doppelbauer"]

1. c4 e5 2. Nc3 Nf6 3. g3 Nc6 4. Bg2 d6 5. e3 Be6 6. b3 Be7 7. Nf3 Rb8 8. O-O
h6 9. d3 Qc8 10. Nd2 Bh3 11. Nde4 Bf5 12. Nxf6+ Bxf6 13. e4 Be6 14. Ne2 O-O 15.
Be3 a6 16. Rc1 Be7 17. d4 exd4 18. Nxd4 Bg4 19. Bf3 Bxf3 20. Nxf3 Qe6 21. Qd3
Bf6 22. a3 Rfe8 23. Rce1 Qxe4 24. Qd2 Qxf3 25. Bxh6 Qg4 26. Be3 Nd4 27. Bxd4
Qxd4 28. Qc2 Qc3 29. Qb1 Re6 30. Rxe6 fxe6 31. Rc1 Qf3 32. Rd1 e5 33. h4 Re8
34. Rd3 Qg4 35. Kh2 Qe2 36. Re3 0-1

[Event "?"]
[Site "?"]
[Date "2018.08.16"]
[Round "3.22"]
[White "Böckmann, Lieselotte"]
[Black "Jentzsch, Werner Wilfried"]
[Result "0-1"]
[WhiteElo "1014"]
[BlackElo "1367"]
[PlyCount "82"]
[EventDate "2018.??.??"]
[WhiteTeam "FS 98 Dortmund"]
[BlackTeam "SF Brackel 1930"]

1. c4 e6 2. e3 d5 3. Nf3 c5 4. Be2 Nc6 5. O-O Bd6 6. d3 Nf6 7. b3 Qc7 8. Bb2
Ng4 9. g3 h5 10. Nh4 d4 11. Bxg4 hxg4 12. Qxg4 e5 13. Qxg7 Rf8 14. Nd2 Bh3 15.
Ne4 O-O-O 16. Rfd1 Rg8 17. Qh6 Rh8 18. Qf6 Be7 19. Qxf7 Rhf8 20. Qh5 Rh8 21.
Qf7 Bxh4 22. Qxc7+ Kxc7 23. gxh4 Rdg8+ 24. Ng3 Rxh4 25. a4 Rgh8 26. f3 Kd6 27.
Kf2 Nb4 28. Ke2 Nc2 29. Ne4+ Kc6 30. Rab1 Nxe3 31. Rh1 Bg2 32. Nf2 Bxh1 33.
Rxh1 Rxh2 34. Rxh2 Rxh2 35. Ke1 Rxf2 36. Kxf2 Nd1+ 37. Kg3 Nxb2 38. Kg4 a6 39.
Kf5 Nxd3 40. Ke4 Nb2 41. Kxe5 d3 0-1

[Event "?"]
[Site "?"]
[Date "2018.08.17"]
[Round "4.1"]
[White "Wichtrup, Jan-Louis"]
[Black "Kartsev, Nikolay"]
[Result "1/2-1/2"]
[WhiteElo "2170"]
[BlackElo "2048"]
[PlyCount "45"]
[EventDate "2018.??.??"]
[WhiteTeam "Dortmunder SV 1875"]
[BlackTeam "SF Brackel 1930"]

1. d4 Nf6 2. c4 e6 3. Nc3 Bb4 4. Qc2 O-O 5. Nf3 c5 6. dxc5 Nc6 7. Bf4 Qa5 8.
Bd2 Qxc5 9. e3 d5 10. cxd5 exd5 11. a3 Bxc3 12. Qxc3 Qe7 13. Nd4 Ne4 14. Nxc6
Qd6 15. Qc2 Nxd2 16. Qxd2 bxc6 17. Be2 Re8 18. O-O Re6 19. Bf3 Rh6 20. g3 Qf6
21. Bg2 Ba6 22. Rfd1 Rb8 23. b4 1/2-1/2

[Event "?"]
[Site "?"]
[Date "2018.08.17"]
[Round "4.2"]
[White "Stemmler, Fabian"]
[Black "Garbuz, Vitaliy"]
[Result "1/2-1/2"]
[WhiteElo "1963"]
[BlackElo "2182"]
[PlyCount "62"]
[EventDate "2018.??.??"]
[WhiteTeam "SF Brackel 1930"]
[BlackTeam "SF Brackel 1930"]

1. d4 Nf6 2. Nf3 d5 3. c4 c6 4. cxd5 cxd5 5. Nc3 Nc6 6. Bf4 e6 7. e3 Bd6 8.
Bxd6 Qxd6 9. Bd3 O-O 10. O-O a6 11. Qe2 b5 12. Rfc1 Bb7 13. a3 Na5 14. Nd2 Rfc8
15. b4 Nc4 16. Nb3 Bc6 17. Nc5 e5 18. dxe5 Qxe5 19. Nb3 Bd7 20. Nd4 Bg4 21. Qe1
Bd7 22. Be2 h5 23. Bf3 g5 24. a4 Nb2 25. Qd2 Nxa4 26. Nxa4 bxa4 27. Bd1 Ne4 28.
Qb2 Rxc1 29. Rxc1 Nd6 30. Qa3 Nc4 31. Qa1 Rb8 1/2-1/2

[Event "?"]
[Site "?"]
[Date "2018.08.17"]
[Round "4.3"]
[White "Bork, Sophie"]
[Black "Zelt, Jens"]
[Result "1/2-1/2"]
[WhiteElo "1916"]
[BlackElo "2102"]
[PlyCount "64"]
[EventDate "2018.??.??"]
[WhiteTeam "SG Mengede 1922"]
[BlackTeam "SC Hansa Dortmund"]

1. e4 d6 2. d4 c6 3. f4 g6 4. Nf3 Bg7 5. Bd3 Nf6 6. O-O O-O 7. Qe1 c5 8. dxc5
dxc5 9. Kh1 Nc6 10. a3 b6 11. Nc3 Bb7 12. Qh4 Nd4 13. Ne5 b5 14. Nxb5 Nxb5 15.
Bxb5 Bxe4 16. Bd3 Bxd3 17. Nxd3 Nd7 18. f5 Rc8 19. Bh6 Bf6 20. Qh3 Re8 21. fxg6
hxg6 22. Rad1 Qc7 23. Nf4 Nb6 24. Rd3 Qc6 25. Qg4 Be5 26. Rdf3 Qe4 27. Qh3 Rc6
28. Nd3 Bf6 29. Rf4 Qe2 30. R4f2 Qe4 31. Rf4 Qe2 32. R4f2 Qe4 1/2-1/2

[Event "?"]
[Site "?"]
[Date "2018.08.17"]
[Round "4.4"]
[White "Alghawi, Abdullah"]
[Black "Luft, Dennis"]
[Result "0-1"]
[WhiteElo "1916"]
[BlackElo "2322"]
[PlyCount "96"]
[EventDate "2018.??.??"]
[WhiteTeam "FS 98 Dortmund"]
[BlackTeam "SF Brackel 1930"]

1. e4 e5 2. Nf3 Nc6 3. Bb5 Nf6 4. O-O Nxe4 5. d4 Nd6 6. Bxc6 dxc6 7. dxe5 Nf5
8. Qxd8+ Kxd8 9. Nc3 Be7 10. h3 Ke8 11. Bf4 Nh4 12. Nxh4 Bxh4 13. Ne2 c5 14.
Ng3 Be7 15. Rad1 h5 16. Rd2 Be6 17. a3 Rd8 18. Rfd1 Rxd2 19. Rxd2 h4 20. Ne4
Bf5 21. Ng5 Rh5 22. Nf3 Be4 23. Nh2 Rf5 24. Be3 Rxe5 25. Bf4 Rd5 26. Rxd5 Bxd5
27. Bxc7 Bf6 28. c3 Kd7 29. Bf4 Kc6 30. Ng4 Be7 31. Ne5+ Kb5 32. Nd3 Ka4 33.
Nc1 Bf6 34. f3 a5 35. Bd6 b6 36. Kf2 Bc4 37. g3 Kb5 38. f4 hxg3+ 39. Kxg3 Kc6
40. Be5 Bxe5 41. fxe5 a4 42. Kf4 Kd7 43. Ke3 Ke6 44. Kf4 g6 45. h4 Kd5 46. Ke3
Kxe5 47. Kf3 Kf5 48. Kg3 Ke4 0-1

[Event "?"]
[Site "?"]
[Date "2018.08.17"]
[Round "4.5"]
[White "Korten, Lando"]
[Black "Cogan, Leonid"]
[Result "1-0"]
[WhiteElo "2091"]
[BlackElo "1848"]
[PlyCount "55"]
[EventDate "2018.??.??"]
[WhiteTeam "SF Brackel 1930"]
[BlackTeam "Huckarde-Westerfilde"]

1. d4 Nf6 2. c4 e6 3. Nc3 d5 4. cxd5 exd5 5. Bg5 Be7 6. e3 O-O 7. Bd3 c6 8. Qc2
Re8 9. Bxf6 Bxf6 10. Bxh7+ Kh8 11. O-O-O g6 12. Bxg6 fxg6 13. Qxg6 Bg7 14. Nf3
Re6 15. Qg3 Qe8 16. Ng5 Rg6 17. e4 dxe4 18. Rhe1 Qe7 19. Ncxe4 Bf5 20. Nd6
Qxg5+ 21. Qxg5 Rxg5 22. Nf7+ Kh7 23. Nxg5+ Kg6 24. h4 Bf6 25. Re8 Bd7 26. Rg8+
Kf5 27. g4+ Kf4 28. Rf8 1-0

[Event "?"]
[Site "?"]
[Date "2018.08.17"]
[Round "4.6"]
[White "Boxberg, Marc"]
[Black "Khess, Igor"]
[Result "1-0"]
[WhiteElo "1642"]
[BlackElo "1988"]
[PlyCount "99"]
[EventDate "2018.??.??"]
[WhiteTeam "Marten-Bövinghausen"]
[BlackTeam "FS 98 Dortmund"]

1. e4 e5 2. Nf3 Nc6 3. Bc4 Bc5 4. Nc3 Nf6 5. d3 h6 6. O-O O-O 7. h3 d6 8. Be3
Bb6 9. Qd2 Be6 10. Bb3 $11 Ne7 11. Ne2 Ng6 12. Ng3 d5 13. Bxh6 gxh6 14. Qxh6
Re8 15. exd5 Bxd5 16. Nf5 Nh5 17. Qxh5 Bxb3 18. axb3 Qf6 19. g3 e4 20. dxe4
Rxe4 21. Ra4 Rxa4 22. bxa4 Qxb2 23. Ng5 Qf6 24. Nh6+ Kg7 25. Nhxf7 Re8 26. Qh6+
Kg8 27. Qh7+ Kf8 28. Nh6 Re2 29. Qf7+ Qxf7 30. Nhxf7 Rxc2 31. h4 Kg7 32. h5 Nh8
33. Nxh8 Kxh8 34. Kg2 Ra2 35. g4 Kg7 36. Kg3 Ra3+ 37. f3 Rxa4 38. Re1 Bd4 39.
Rh1 Be3 40. h6+ Kh8 41. Ne4 c5 42. g5 Rxe4 43. fxe4 Bxg5 44. Kg4 Be3 45. e5 c4
46. e6 Bc5 47. Kh5 b5 48. Kg6 Be7 49. Ra1 c3 50. Rxa7 1-0

[Event "?"]
[Site "?"]
[Date "2018.08.17"]
[Round "4.7"]
[White "Schläger, Reiner"]
[Black "Lauche, Christoph"]
[Result "1-0"]
[WhiteElo "1679"]
[BlackElo "1874"]
[PlyCount "85"]
[EventDate "2018.??.??"]
[WhiteTeam "FS 98 Dortmund"]
[BlackTeam "FS 98 Dortmund"]

1. e4 d6 2. f4 e5 3. d3 Nc6 4. Nf3 Nf6 5. Nc3 Be7 6. f5 d5 7. Bg5 Bb4 8. Nd2 d4
9. Nd5 Be7 10. Nxe7 Qxe7 11. a3 h6 12. Bh4 g5 13. fxg6 fxg6 14. Be2 O-O 15. Nf3
g5 16. Nxg5 hxg5 17. Bxg5 Nd8 18. Qd2 Ne6 19. O-O-O Bd7 20. Bh6 Rf7 21. Rdf1
Nh7 22. Bh5 Rxf1+ 23. Rxf1 Ng7 24. g4 Nxh5 25. gxh5 Kh8 26. Kb1 Rg8 27. h4 Bh3
28. Rf2 Qe6 29. b3 b6 30. Bg5 Bg4 31. h6 Bh5 32. Rg2 Bf7 33. Qf2 a5 34. Rg3 a4
35. Rf3 Rf8 36. Bf6+ Nxf6 37. Rxf6 Qe7 38. Qf5 axb3 39. cxb3 Qxa3 40. Qxe5
Qxb3+ 41. Kc1 Qc3+ 42. Kd1 Bh5+ 43. Rf3+ 1-0

[Event "?"]
[Site "?"]
[Date "2018.08.17"]
[Round "4.8"]
[White "Grube, Jörg"]
[Black "Sprungala, Erik"]
[Result "1/2-1/2"]
[WhiteElo "1815"]
[BlackElo "1776"]
[PlyCount "30"]
[EventDate "2018.??.??"]
[WhiteTeam "FS 98 Dortmund"]
[BlackTeam "SV Rochade Eving"]

1. e4 d5 2. exd5 Qxd5 3. Nf3 Bg4 4. Be2 Nc6 5. d4 O-O-O 6. Be3 e5 7. dxe5 Qxd1+
8. Bxd1 Nxe5 9. Nbd2 Nxf3+ 10. Bxf3 Nf6 11. O-O-O Be7 12. h3 Bxf3 13. Nxf3 Nd5
14. Bg5 h6 15. Bxe7 Nxe7 1/2-1/2

[Event "?"]
[Site "?"]
[Date "2018.08.17"]
[Round "4.9"]
[White "Kartsev, Soel"]
[Black "Schultz, Bernfried"]
[Result "1-0"]
[WhiteElo "2198"]
[BlackElo "1705"]
[PlyCount "77"]
[EventDate "2018.??.??"]
[WhiteTeam "SF Brackel 1930"]
[BlackTeam "SF Brackel 1930"]

1. e4 e5 2. Nf3 Nc6 3. Bb5 a6 4. Ba4 Nf6 5. d3 b5 6. Bb3 Be7 7. c3 d6 8. O-O
O-O 9. Nbd2 Na5 10. Bc2 c5 11. Re1 Nc6 12. Nf1 Ne8 13. Ng3 g6 14. d4 cxd4 15.
cxd4 Qc7 16. Bh6 Ng7 17. Rc1 Bg4 18. Bb3 Qb6 19. Bd5 Rac8 20. dxe5 Nxe5 21. Qb3
Be6 22. Be3 Qb8 23. Nd4 Bxd5 24. exd5 Rxc1 25. Rxc1 Rc8 26. Nc6 Nxc6 27. dxc6
Ne6 28. Ne4 Nd8 29. Qd5 Qc7 30. Bg5 Bxg5 31. Qxg5 Nxc6 32. Nf6+ Kg7 33. Nd5 Qb7
34. Qf6+ Kg8 35. Qxd6 Kg7 36. Qf6+ Kg8 37. Rxc6 Rxc6 38. Qxc6 Qxc6 39. Ne7+ 1-0

[Event "?"]
[Site "?"]
[Date "2018.08.17"]
[Round "4.10"]
[White "Kantor, Nikita"]
[Black "Ropel, Dennis"]
[Result "1/2-1/2"]
[WhiteElo "1906"]
[BlackElo "1520"]
[PlyCount "53"]
[EventDate "2018.??.??"]
[WhiteTeam "SF Brackel 1930"]
[BlackTeam "SG Mengede 1922"]

1. e4 d6 2. c4 c5 3. Nc3 g6 4. Nge2 Bg7 5. d4 cxd4 6. Nxd4 Nc6 7. Be3 Nf6 8. f3
Bd7 9. Qd2 Rc8 10. Be2 O-O 11. O-O a6 12. Rac1 Ne8 13. Nd5 f5 14. Nxc6 Bxc6 15.
Bb6 Qd7 16. b4 Bxd5 17. exd5 Nf6 18. Rfd1 Rfe8 19. c5 dxc5 20. bxc5 Kh8 21. Rc2
e6 22. c6 Qxd5 23. Qe3 Rxc6 24. Rxd5 Nxd5 25. Qc1 Rxb6 26. Rc8 Bd4+ 27. Kh1
1/2-1/2

[Event "?"]
[Site "?"]
[Date "2018.08.17"]
[Round "4.11"]
[White "Haneberg, Alexander"]
[Black "Begna, Bozidar"]
[Result "0-1"]
[WhiteElo "1507"]
[BlackElo "2042"]
[PlyCount "130"]
[EventDate "2018.??.??"]
[WhiteTeam "Dortmunder SV 1875"]
[BlackTeam "SC Hansa Dortmund"]

1. d4 d6 2. g3 e5 3. dxe5 dxe5 4. Qxd8+ Kxd8 5. Bg2 Nc6 6. c3 Be6 7. Nf3 f6 8.
a4 a5 9. e4 Bd6 10. Be3 Nge7 11. Na3 Nc8 12. Nd2 Ke7 13. Nac4 b6 14. Nxd6 Nxd6
15. Bf1 g5 16. h4 h6 17. f3 Rag8 18. Kf2 Nb8 19. g4 Nd7 20. Be2 Nf8 21. h5 Nd7
22. Rhb1 Ra8 23. b4 Ra7 24. Ra3 Rha8 25. b5 Rb7 26. c4 $11 Rbb8 27. Rc3 Nb7 28.
Nb3 Nbc5 29. Nxc5 Nxc5 30. Bxc5+ bxc5 31. Rd1 Rd8 32. Rxd8 Rxd8 33. Bd3 Rd4 34.
Ke3 Kd7 35. Rc2 Kc8 36. Kd2 Kb7 37. Kc3 Rd6 38. Rb2 Kb6 39. Ra2 Rd8 40. Rd2 c6
41. Rb2 Ra8 42. bxc6+ Kxc6 43. Rb5 Bc8 44. Rb3 Bd7 45. Bc2 Kc7 46. Rb1 Bc6 47.
Bb3 Rd8 48. Rd1 Rh8 49. Rd3 Rb8 50. Rd1 Rb4 51. Ra1 Kd8 52. Ra2 Ke7 53. Ra1 f5
54. Bc2 fxe4 55. fxe4 Bd7 56. Bd1 Be6 57. Be2 Rb8 58. Rf1 Rd8 59. Rd1 Rf8 60.
Kd3 Bd7 61. Ke3 Be6 62. Rb1 Ra8 63. Bd1 Kd6 64. Bc2 Rf8 65. Bd1 Rf1 0-1

[Event "?"]
[Site "?"]
[Date "2018.08.17"]
[Round "4.12"]
[White "Bommert, Christian"]
[Black "Sonntag, Hans-Joachim"]
[Result "0-1"]
[WhiteElo "1724"]
[BlackElo "1662"]
[PlyCount "90"]
[EventDate "2018.??.??"]
[WhiteTeam "FS 98 Dortmund"]
[BlackTeam "FS 98 Dortmund"]

1. e4 e5 2. Nf3 Nc6 3. Be2 Nf6 4. d3 Bc5 5. c3 d6 6. O-O O-O 7. b4 Bb6 8. Bb2
a6 9. Nbd2 Re8 10. a3 Ne7 11. c4 Ng6 12. Rc1 Qe7 13. Nb3 Bd7 14. c5 Ba7 15. Re1
Ba4 16. Nfd2 Rad8 17. Rc4 dxc5 18. bxc5 Bb5 19. Rc3 Nf4 20. Qc2 Qd7 21. Nc4 Ba4
22. Ne3 Ne6 23. Qc1 Bxb3 24. Rxb3 Nxc5 25. Rc3 Ne6 26. Rb3 Nc5 27. Rc3 Ne6 28.
Rb3 c6 29. Bxe5 Nc5 30. Bxf6 Nxb3 31. Qb2 Bd4 32. Bxd4 Nxd4 33. Bg4 Qc7 34. Rb1
b5 35. Rc1 Qd6 36. g3 Qf6 37. Qb1 g6 38. f4 Qd6 39. Qc2 Ne6 40. Bxe6 Rxe6 41.
f5 Ree8 42. fxg6 hxg6 43. Qf2 Kg7 44. Kg2 Qxd3 45. Rf1 Qxe4+ 0-1

[Event "?"]
[Site "?"]
[Date "2018.08.17"]
[Round "4.13"]
[White "Ziemek, Gerhard"]
[Black "Vollenberg, Jörg"]
[Result "1/2-1/2"]
[WhiteElo "1537"]
[BlackElo "1400"]
[PlyCount "142"]
[EventDate "2018.??.??"]
[WhiteTeam "Marten-Bövinghausen"]
[BlackTeam "SV Rochade Eving"]

1. d4 d5 2. e4 e6 3. Nc3 Bb4 4. Bd3 Nc6 5. Nf3 dxe4 6. Bxe4 Nce7 7. O-O Nf6 8.
Bd3 c6 9. Ne4 Nxe4 10. Bxe4 Qc7 11. c3 Bd6 12. Qe2 Bd7 13. a3 h6 14. b4 O-O-O
15. Bb2 f5 16. Bc2 Ng6 17. Bb3 Rhe8 18. a4 Nf4 19. Qc2 g5 20. Rfe1 Ng6 21. b5
g4 22. Ne5 Nxe5 23. dxe5 Bxe5 24. g3 Bf6 25. Qe2 h5 26. Qe3 Kb8 27. Qh6 Be5 28.
Qe3 Bf6 29. Rad1 e5 30. Qh6 Be7 31. c4 e4 32. Qxh5 Bc5 33. Qg6 Kc8 34. Bf6 Be7
35. Bd4 Rg8 36. Qh7 Bb4 37. Re3 c5 38. Bf6 Rdf8 39. Qh6 Qb6 40. Bg5 Qxh6 41.
Bxh6 Rf7 42. Kg2 Rh7 43. Bf4 Rgh8 44. Rh1 Be6 45. Re2 Rd7 46. Rc2 Rhd8 47. Rcc1
Rd3 48. Rb1 Rc3 49. Be5 Rcd3 50. h3 gxh3+ 51. Rxh3 e3 52. fxe3 Rxe3 53. Bf4 Re4
54. Rh7 Rd7 55. Rh6 Bd2 56. Bc2 Red4 57. Rh8+ Rd8 58. Rxd8+ Kxd8 59. Be5 Rxc4
60. Bd1 Bd5+ 61. Kh3 Be4 62. Rb2 Bc3 63. Bxc3 Rxc3 64. Rd2+ Rd3 65. Rxd3+ Bxd3
66. Kg2 Kc7 67. Kf2 Kb6 68. Ke3 c4 69. Kd4 Kc7 70. Bf3 b6 71. Bd5 Kd6 1/2-1/2

[Event "?"]
[Site "?"]
[Date "2018.08.17"]
[Round "4.14"]
[White "Sahakyan, Tigran"]
[Black "Surmann, Christoph"]
[Result "0-1"]
[WhiteElo "1035"]
[BlackElo "1659"]
[PlyCount "80"]
[EventDate "2018.??.??"]
[WhiteTeam "SF Brackel 1930"]
[BlackTeam "Dortmunder SV 1875"]

1. e4 c6 2. Nc3 d5 3. d4 dxe4 4. Nxe4 Bf5 5. Nc3 e6 6. a3 Nf6 7. Bg5 Be7 8. Nf3
Nbd7 9. Bd3 Bxd3 10. Qxd3 O-O 11. O-O h6 12. Bf4 Nd5 13. Bg3 Nxc3 14. Qxc3 Rc8
15. Qb3 Qb6 16. Qxb6 Nxb6 17. Rad1 Nc4 18. Rb1 Rfd8 19. c3 Rd5 20. a4 c5 21.
Rfd1 Rcd8 22. Ne5 Nxe5 23. Bxe5 Bf6 24. Bxf6 gxf6 25. h3 cxd4 26. Rxd4 Rxd4 27.
cxd4 Rxd4 28. b3 Rb4 29. Kf1 a5 30. Ke2 b5 31. axb5 Rxb5 32. Kd3 Kg7 33. Kc4
Rd5 34. Kc3 Kg6 35. Re1 h5 36. h4 Kf5 37. Re3 e5 38. Rf3+ Ke6 39. Kc4 f5 40.
Rxf5 Rd4+ 0-1

[Event "?"]
[Site "?"]
[Date "2018.08.17"]
[Round "4.15"]
[White "Al Kassas, Humam"]
[Black "Stockhausen, Arnd"]
[Result "0-1"]
[WhiteElo "1251"]
[BlackElo "1577"]
[PlyCount "94"]
[EventDate "2018.??.??"]
[WhiteTeam "FS 98 Dortmund"]
[BlackTeam "SG Mengede 1922"]

1. d4 d5 2. c4 e6 3. Nc3 Nf6 4. Nf3 Be7 5. Bf4 c6 6. e3 O-O 7. c5 Nh5 8. Be5
Nd7 9. Bg3 f5 10. Bd3 Nhf6 11. Ng5 Nb8 12. Be5 Ng4 13. Nf3 Nxe5 14. Nxe5 Nd7
15. Nf3 Nf6 16. Qc2 Bd7 17. h3 Ne4 18. Be2 Be8 19. Ne5 Bf6 20. Nd3 Qc7 21. Nf4
Bf7 22. g4 e5 23. Nxe4 fxe4 24. Nh5 Bh4 25. dxe5 Qxe5 26. Nf4 d4 27. Bc4 dxe3
28. Bxf7+ Rxf7 29. O-O-O Qxf4 30. fxe3 Qxe3+ 31. Kb1 Raf8 32. Qc4 b5 33. cxb6
Qxb6 34. Rd7 Bf6 35. b3 Qf2 36. Qc2 Qxc2+ 37. Kxc2 Rxd7 38. Re1 Re8 39. a3 e3
40. Re2 Bg5 41. Re1 e2 42. b4 Bh4 43. Rxe2 Rxe2+ 44. Kb3 Re3+ 45. Ka4 Rxh3 46.
g5 Bxg5 47. Ka5 Rxa3# 0-1

[Event "?"]
[Site "?"]
[Date "2018.08.17"]
[Round "4.16"]
[White "Zabel, Reinhard"]
[Black "Frölich, Andreas"]
[Result "1-0"]
[WhiteElo "1408"]
[BlackElo "1043"]
[PlyCount "59"]
[EventDate "2018.??.??"]
[WhiteTeam "SC Doppelbauer"]
[BlackTeam "SV Rochade Eving"]

1. e4 e5 2. Nf3 Nc6 3. Bb5 Nge7 4. Bxc6 Nxc6 5. d4 exd4 6. Nxd4 Nxd4 7. Qxd4 d6
8. Nc3 Bd7 9. Be3 c6 10. O-O-O Qe7 11. Bf4 Qf6 12. Qxf6 gxf6 13. Bxd6 Bxd6 14.
Rxd6 Ke7 15. Rd2 Rhg8 16. g3 Be6 17. f3 Rg5 18. Rhd1 b5 19. a3 Rb8 20. Ne2 b4
21. a4 Rc5 22. Kb1 b3 23. c3 Ra5 24. Nd4 Rxa4 25. Nxc6+ Kf8 26. Nxb8 a5 27.
Nd7+ Bxd7 28. Rxd7 Kg7 29. Ra7 Rc4 30. Rxa5 1-0